Anagrammi dei Calciatori - Quiz n°12 - Statistics

Statistiche generali
  • Questo quiz è stato fatto 4 volte
  • Il punteggio medio è 6 su 10
Statistiche sulle risposte
Anagramma Calciatore % Corretto
trbeuoñaug Butragueño
100%
eslma Elmas
100%
lleoriorb Borriello
67%
rredaxl Draxler
67%
rsnnafede Fernandes
67%
zgcaicna Zaccagni
67%
edsliemhic Demichelis
33%
oeizgrurd Rodriguez
33%
rselseeaamek Saelemaekers
33%
trlowdi Wiltord
33%
Nessun quiz corrispondente trovato
Distribuzione punteggi
Percentuale di utenti per punteggio
Percentile per numero di risposta
I tuoi punteggi nel tempo
Non hai fatto questo quiz